000 00707nam a2200289Ia 4500
005 20260324144549.0
008 008 260324s9999 xx 000 0 eng d
020 _a9781351269001
037 _aEBOOK
040 _aCRL
040 _beng
040 _cCRL
041 _2eng
041 _aeng
084 _qCRL
100 _aMichael J Breheny; Ronald Mcquaid
_91219789
245 4 _aThe Development of High Technology Industries
245 3 _bAn International Survey
260 _bTaylor and Francis
260 _c1987
365 _a
365 _b140
856 _uhttp://www.taylorfrancis.com/books/9781351269001
942 _cEBOOK
999 _c1826553
_d1826553